Osteopatía visceral

Salvato in:
Dettagli Bibliografici
Autori principali: Coster, Marc de (Autore), Pollaris, Annemie (Autore)
Natura: Libro
Lingua:spagnolo
Pubblicazione: Barcelona Paidotribo 2001
Edizione:1a. ed
Soggetti:
Tags: Aggiungi Tag
Nessun Tag, puoi essere il primo ad aggiungerne!!

MARC

LEADER 00000nam a2200000 a 4500
001 UCH3596
003 CL-VaPUC
008 090811e20010000SP |||||||||||||||||spa|d
020 |a 8480195169 
082 0 4 |a 615.533  |b COS  |2 21 
100 0 |a Coster, Marc de  |e author  |9 539009 
700 0 |a Pollaris, Annemie  |e author  |9 539010 
245 1 0 |a Osteopatía visceral 
250 |a 1a. ed 
300 |a 171 p 
942 |c BK 
945 |d 20090811 00:00:00  |a cmena 
260 |a Barcelona  |b Paidotribo  |c 2001 
650 7 |a KINESIOTERAPIA  |2 CL-VaPUC  |9 313086 
650 7 |a OSTEOPATIA  |2 CL-VaPUC  |9 539011 
650 0 |a Terapia visceral  |9 539012 
650 7 |a TERAPIAS FISICAS  |2 CL-VaPUC  |9 313087 
650 7 |a SISTEMA FASCIAL  |2 CL-VaPUC  |9 539000 
583 |a last modification  |c 20090811 00:00:00  |k Rodrigo Vera 
999 |c 335078  |d 335076 
952 |0 0  |1 0  |4 0  |6 615_533000000000000_COS_2001  |7 0  |8 A  |9 424655  |a BIBCUR  |b BIBCUR  |d 2019-11-22  |i 1088858  |o 615.533 COS 2001  |p 1088858  |r 2025-04-22  |w 2019-11-22  |y BK  |k KIN